Statistics for Future: DS2 Songs Quiz

Click here to take the quiz!

General Stats

  • This quiz has been taken 19 times
  • The average score is 10 of 18

Answer Stats

Track #Song Name% Correct
1Thought it was a Drought
89%
2I Serve the Base
83%
18Fuck Up Some Commas
72%
15The Percocet & Stripper Joint
72%
14Trap N****s
72%
6Stick Talk
67%
4Groupies
61%
3Where Ya At
61%
13Blood on the Money
56%
11Colossal
56%
12Rich $ex
56%
7Freak Hoe
50%
5Lil One
50%
17Kno the Meaning
44%
16Real Sisters
44%
10Blow a Bag
39%
8Rotation
39%
9Slave Master
33%

Score Distribution

Percentile by Number Answered

Percent of People with Each Score

Your Score History

You have not taken this quiz